History Quiz

Random History or Clickable Quiz
Score 0/92 Timer 18:00
0 Plays Today
% Correct
16th Street Baptist Church
71.4%
Little Rock Nine
69.1%
Martin Luther King Jr.
68.8%
Montgomery Bus Boycott
66.9%
Emmett Till
66.7%
Black Panthers
66.7%
Brown v. Board of Education
65.9%
Harry S. Truman
65.3%
Jackie Robinson
64.8%
Tuskegee University
64.5%
Rosa Parks
63.4%
Malcolm X
63.1%
Jim Crow Laws
61.5%
March on Washington
61%
Nation of Islam
61%
Thurgood Marshall
60.2%
Elijah Muhammad
60.2%
Freedom Riders
59.9%
Letter from Birmingham Jail
59.9%
Condoleezza Rice
59.7%
Tuskeegee Airmen
58.5%
Rodney King
57.9%
Southern Christian Leadership Conference
57.5%
Black Power
57.5%
Bull Connor
56.6%
Bessie Coleman
56.4%
Scottsboro Boys
55.8%
White Citizens' Council|Citizens' Councils of America
55%
Civil Rights Act
54.7%
Fair Housing Act
54.7%
Booker T. Washington
54.7%
% Correct
Harriet Tubman
54.3%
Frederick Douglass
54.2%
Big Six
53.9%
Springarn Medal
53.9%
Black Like Me
52.8%
Colin Powell
52.8%
Ruby Bridges
52.6%
Sojourner Truth
52.6%
George Washington Carver
52.6%
American Anti-Slavery Society (AASS)
52.5%
Louis Farrakhan
52.3%
Josephine Baker
52.3%
Watts riots
52.2%
W.E.B. Du Bois
51.5%
NAACP
51.2%
Black Codes
51.2%
Marcus Garvey
51.2%
John Lewis
50.9%
Atlanta Compromise
50.7%
Freedman's Bureau
50.4%
10 Point Plan
50.2%
Browder v. Gayle
49.6%
Selma to Montgomery Marches
49.3%
Marian Anderson
49.3%
Hattie McDaniel
49.1%
The Souls of Black Folk
48.8%
Al Sharpton
48.6%
Niagara Movement
48.5%
The Crisis
48.5%
March Against Fear
48.2%
Student Nonviolent Coordinating Committee
48%
% Correct
Medgar Evers
46.1%
Voting Rights Act
46.1%
Bobby Seale
44.4%
Freedom Summer
44.2%
A. Phlip Randolph
44.2%
Jack Johnson
44%
Civil Rights Act of 1968
43.9%
Huey Newton
43.4%
Marion Barry
42.2%
Ralph Abernathy
42%
Race Riot of 1908
41.7%
Hamburg Massacre
41.2%
Stokely Carmichael
39%
Black Reconstruction in America
38.5%
Silent Parade
37.2%
Ida B. Wells-Barnett
36.8%
Eldrige Cleaver
36.3%
Douglas Wilder
35.1%
National Urban League
34.7%
Bayard Rustin
33.9%
James Farmer
31.7%
Hiram Revels
31.1%
Henry O. Flipper
29.1%
Roy Wilkins
26.6%
Joe Grans
25.3%
Whitney Young
23.8%
PBS Pinchback
22.3%
Robert Taylor
22%
Joseph Rainey
20.7%
Monroe Trotter
18.7%
Remove Ads.
Support Sporcle.
Get the best of Sporcle when you Go Orange. This ad-free experience offers more features, more stats, and more fun while also helping to support Sporcle. Thank you for becoming a member.

You're not logged in!

Compare scores with friends on all Sporcle quizzes.
OR
Log In

Show Comments

Extras

Top Quizzes Today


Score Distribution

Your Account Isn't Verified!

In order to create a playlist on Sporcle, you need to verify the email address you used during registration. Go to your Sporcle Settings to finish the process.

Report this User

Report this user for behavior that violates our Community Guidelines.

Details: